[Event "Welsh Open Chess Championship"]
[Site "Mercure Cardiff North Hotel, Circle Way East, Llanedeyrn, Cardiff CF23 9XF"]
[Date "2024.03.29"]
[Round "2"]
[Board "9"]
[White "Mckenna, Joshua"]
[Black "Bennett, Tom"]
[Result "1-0"]
[WhiteElo "1699"]
[BlackElo "1779"]
[Annotator "Home"]
[PlyCount "61"]
[EventDate "2024.03.29"]
[EventType "swiss"]
[EventRounds "7"]
[EventCountry "WLS"]

{[%evp 0,61,26,26,97,80,103,87,90,72,63,54,89,70,70,53,67,39,40,28,54,11,2,5,163,157,182,200,214,213,262,264,254,310,344,198,238,178,187,221,258,301,483,223,227,189,206,200,284,287,390,269,358,221,223,193,273,209,304,251,297,300,644,688]} 1. e4 {[%emt 0:00:03]} g6 {[%emt 0:00:06]} 2. d4 {[%emt 0:00:31]} d6 {[%emt 0:00:24]} 3. Nc3 {[%emt 0:00:30]} Bg7 {[%emt 0:00:26]} 4. Be3 {[%emt 0:00:56]} e6 {[%emt 0:00:51]} 5. Qd2 {[%emt 0:00:44]} h6 {[%emt 0:02:05]} 6. O-O-O {[%emt 0:01:27]} Ne7 {[%emt 0:01:23]} 7. h4 {[%emt 0:03:17]} a6 {[%emt 0:01:42]} 8. g4 {[%emt 0:03:09]} b5 {[%emt 0:01:06]} 9. h5 {[%emt 0:03:57]} g5 {[%emt 0:03:13]} 10. f4 {[%emt 0:01:23]} gxf4 {[%emt 0:04:14]} 11. Bxf4 {[%emt 0:00:18]} e5 {[%emt 0:02:29]} 12. dxe5 {[%emt 0:00:40]} Bxg4 {[%emt 0:00:11]} 13. Be2 {[%emt 0:02:45]} Bxe2 {[%emt 0:04:16]} 14. Ngxe2 {[%emt 0:00:27]} b4 {[%emt 0:06:37]} 15. Nd5 {[%emt 0:02:20]} Nbc6 {[%emt 0:02:57]} 16. exd6 {[%emt 0:10:37]} cxd6 {[%emt 0:02:00]} 17. Nxe7 {[%emt 0:03:12]} Qxe7 {[%emt 0:01:52]} 18. Qd5 {[%emt 0:02:37]} Rc8 {[%emt 0:03:08]} 19. Bxd6 {[%emt 0:03:19]} Qg5+ {[%emt 0:06:35]} 20. Kb1 {[%emt 0:07:03]} Ne7 {[%emt 0:08:55]} 21. Qxg5 {[%emt 0:01:59]} hxg5 {[%emt 0:00:09]} 22. Bxb4 {[%emt 0:00:36]} Rc4 {[%emt 0:04:34]} 23. Bc3 {[%emt 0:02:14]} f6 {[%emt 0:00:50]} 24. Ng3 {[%emt 0:02:15]} Kf7 {[%emt 0:02:37]} 25. Rd6 {[%emt 0:07:00]} Rc6 {[%emt 0:01:13]} 26. Rxc6 {[%emt 0:01:18]} Nxc6 {[%emt 0:00:11]} 27. Rd1 {[%emt 0:03:32]} Re8 {[%emt 0:01:11]} 28. Rd7+ {[%emt 0:01:01]} Kg8 {[%emt 0:00:51]} 29. Nf5 {[%emt 0:03:49]} Bf8 {[%emt 0:02:04]} 30. h6 {[%emt 0:00:33]} Ne7 {[%emt 0:01:42]} 31. Bxf6 {[%emt 0:01:17]} 1-0

[Event "Welsh Open Chess Championship"]
[Site "Mercure Cardiff North Hotel, Circle Way East, Llanedeyrn, Cardiff CF23 9XF"]
[Date "2024.03.29"]
[Round "2"]
[Board "12"]
[White "Di-Vetta, Andrew"]
[Black "Smith, Chris P"]
[Result "1-0"]
[WhiteElo "1783"]
[BlackElo "1669"]
[Annotator "Home"]
[PlyCount "95"]
[EventDate "2024.03.29"]
[EventType "swiss"]
[EventRounds "7"]
[EventCountry "WLS"]

{[%evp 0,95,26,20,72,63,75,20,55,42,62,54,45,-12,-15,-9,-18,-70,-94,-91,-58,-63,-35,-19,-9,-45,-59,-60,-3,-3,-3,-16,-17,-23,16,-74,2,-21,-28,-41,-23,-63,-45,-42,-54,-93,300,286,286,310,324,330,350,357,358,363,362,300,373,279,285,284,292,285,313,281,304,323,328,328,337,335,361,376,378,389,389,389,442,406,441,386,404,380,426,339,381,395,435,438,453,464,493,467,928,967,1027,1068]} 1. e4 {[%emt 0:00:05]} d6 {[%emt 0:00:07]} 2. d4 {[%emt 0:00:32]} Nf6 {[%emt 0:00:08]} 3. Bd3 {[%emt 0:00:33]} g6 {[%emt 0:00:29]} 4. f3 {[%emt 0:00:18]} Bg7 {[%emt 0:00:46]} 5. Be3 {[%emt 0:00:42]} O-O {[%emt 0:00:43]} 6. g4 {[%emt 0:00:46]} c5 {[%emt 0:03:49]} 7. c3 {[%emt 0:01:22]} cxd4 {[%emt 0:00:54]} 8. Bxd4 {[%emt 0:00:23]} Nc6 {[%emt 0:01:05]} 9. Be3 {[%emt 0:00:46]} b6 {[%emt 0:03:09]} 10. Nd2 {[%emt 0:01:07]} Ne5 {[%emt 0:01:58]} 11. Be2 {[%emt 0:01:16]} Bb7 {[%emt 0:01:17]} 12. Nh3 {[%emt 0:00:22]} d5 {[%emt 0:01:14]} 13. g5 {[%emt 0:00:20]} Nfd7 {[%emt 0:02:55]} 14. f4 {[%emt 0:00:22]} Nc4 {[%emt 0:01:41]} 15. Nxc4 {[%emt 0:01:11]} dxc4 {[%emt 0:00:11]} 16. Nf2 {[%emt 0:00:37]} b5 {[%emt 0:02:17]} 17. Qc2 {[%emt 0:01:04]} a6 {[%emt 0:02:15]} 18. Rd1 {[%emt 0:02:54]} Qc7 {[%emt 0:00:29]} 19. O-O {[%emt 0:01:18]} Rfd8 {[%emt 0:07:57]} 20. Rd2 {[%emt 0:04:16]} Nc5 {[%emt 0:00:48]} 21. Rfd1 {[%emt 0:00:33]} Rxd2 {[%emt 0:00:38]} 22. Rxd2 {[%emt 0:00:07]} Rd8 {[%emt 0:02:28]} 23. Rxd8+ {[%emt 0:00:12]} Qxd8 {[%emt 0:00:04]} 24. Bxc5 {[%emt 0:00:15]} Qc7 {[%emt 0:02:32]} 25. Be3 {[%emt 0:00:21]} e5 {[%emt 0:02:09]} 26. Qd2 {[%emt 0:00:28]} exf4 {[%emt 0:00:54]} 27. Bxf4 {[%emt 0:00:07]} Qe7 {[%emt 0:00:48]} 28. Qd6 {[%emt 0:00:33]} Qe8 {[%emt 0:03:37]} 29. Qb8 {[%emt 0:00:19]} Qxb8 {[%emt 0:00:43]} 30. Bxb8 {[%emt 0:00:06]} h6 {[%emt 0:01:24]} 31. h4 {[%emt 0:00:42]} f6 {[%emt 0:00:30]} 32. Bf4 {[%emt 0:00:29]} hxg5 {[%emt 0:00:36]} 33. hxg5 {[%emt 0:00:07]} fxg5 {[%emt 0:00:29]} 34. Bxg5 {[%emt 0:00:06]} Be5 {[%emt 0:00:17]} 35. Ng4 {[%emt 0:00:37]} Bc7 {[%emt 0:01:18]} 36. Nf6+ {[%emt 0:00:20]} Kf7 {[%emt 0:00:34]} 37. Nd5 {[%emt 0:01:24]} Bd6 {[%emt 0:01:04]} 38. Bg4 {[%emt 0:00:35]} a5 {[%emt 0:01:29]} 39. Kf2 {[%emt 0:00:58]} b4 {[%emt 0:00:46]} 40. cxb4 {[%emt 0:00:29]} axb4 {[%emt 0:00:10]} 41. Ke2 {[%emt 0:01:27]} Be5 {[%emt 0:00:49]} 42. Bc1 {[%emt 0:00:47]} Bd6 {[%emt 0:01:36]} 43. Bd7 {[%emt 0:01:25]} c3 {[%emt 0:00:57]} 44. bxc3 {[%emt 0:00:21]} bxc3 {[%emt 0:00:06]} 45. Nxc3 {[%emt 0:00:13]} Kf6 {[%emt 0:00:49]} 46. Kf3 {[%emt 0:00:41]} Ke5 {[%emt 0:00:20]} 47. Bf4+ {[%emt 0:00:19]} Kd4 {[%emt 0:00:47]} 48. Nb5+ {[%emt 0:00:07]} 1-0

[Event "Welsh Open Chess Championship"]
[Site "Mercure Cardiff North Hotel, Circle Way East, Llanedeyrn, Cardiff CF23 9XF"]
[Date "2024.03.29"]
[Round "2"]
[Board "13"]
[White "Moulson, Paul"]
[Black "Whittington, Reece W"]
[Result "0-1"]
[WhiteElo "1623"]
[BlackElo "1791"]
[Annotator "Home"]
[PlyCount "60"]
[EventDate "2024.03.29"]
[EventType "swiss"]
[EventRounds "7"]
[EventCountry "WLS"]

{[%evp 0,60,29,25,52,51,91,31,31,31,31,36,23,4,31,-36,-40,-23,19,-5,-13,-9,-9,0,19,17,63,10,8,5,33,21,20,-6,62,22,5,-12,7,-1,43,48,108,110,110,112,112,11,7,7,6,-92,-100,-98,-106,-106,-106,-134,-121,-400,-417,-423,-425]} 1. e4 {[%emt 0:00:52]} c5 {[%emt 0:00:34]} 2. Nc3 {[%emt 0:00:14]} g6 {[%emt 0:00:22]} 3. f4 {[%emt 0:02:13]} Bg7 {[%emt 0:00:36]} 4. Nf3 {[%emt 0:01:16]} Nc6 {[%emt 0:00:45]} 5. Bb5 {[%emt 0:00:56]} Nd4 {[%emt 0:04:50]} 6. Bc4 {[%emt 0:06:18]} d6 {[%emt 0:03:35]} 7. Nxd4 {[%emt 0:01:42]} cxd4 {[%emt 0:00:38]} 8. Ne2 {[%emt 0:02:52]} e5 {[%emt 0:04:08]} 9. Bb5+ {[%emt 0:03:32]} Bd7 {[%emt 0:02:15]} 10. Bxd7+ {[%emt 0:00:08]} Qxd7 {[%emt 0:00:11]} 11. O-O {[%emt 0:03:35]} Qc6 {[%emt 0:03:45]} 12. d3 {[%emt 0:01:43]} Rc8 {[%emt 0:03:04]} 13. c4 {[%emt 0:03:35]} Nf6 {[%emt 0:10:28]} 14. h3 {[%emt 0:01:44]} h5 {[%emt 0:05:35]} 15. fxe5 {[%emt 0:02:12]} dxe5 {[%emt 0:01:11]} 16. Qe1 {[%emt 0:05:35]} h4 {[%emt 0:02:03]} 17. Qf2 {[%emt 0:01:02]} Rh5 {[%emt 0:07:13]} 18. Kh2 {[%emt 0:08:51]} Qe6 {[%emt 0:08:48]} 19. Ng1 {[%emt 0:07:52]} Qd6 {[%emt 0:14:25]} 20. Nf3 {[%emt 0:03:23]} Rxc4 {[%emt 0:11:06]} 21. dxc4 Nxe4 {[%emt 0:00:07]} 22. Qe1 {[%emt 0:04:59]} Ng3 {[%emt 0:00:12]} 23. Ng5 {[%emt 0:11:39]} Nxf1+ {[%emt 0:02:50]} 24. Qxf1 {[%emt 0:00:13]} e4+ {[%emt 0:01:04]} 25. Bf4 {[%emt 0:01:04]} Be5 {[%emt 0:00:07]} 26. Nxe4 {[%emt 0:02:12]} Bxf4+ {[%emt 0:00:18]} 27. Kh1 {[%emt 0:00:55]} Qe5 {[%emt 0:03:40]} 28. Re1 {[%emt 0:01:47]} Kf8 {[%emt 0:00:17]} 29. Ng3 {[%emt 0:01:57]} Bxg3 {[%emt 0:00:35]} 30. Rxe5 {[%emt 0:03:12]} Rxe5 0-1

[Event "Welsh Open Chess Championship"]
[Site "Mercure Cardiff North Hotel, Circle Way East, Llanedeyrn, Cardiff CF23 9XF"]
[Date "2024.03.29"]
[Round "2"]
[Board "14"]
[White "Prabhu, Vismith"]
[Black "Watkins, Peter"]
[Result "1-0"]
[WhiteElo "1590"]
[BlackElo "1747"]
[Annotator "Home"]
[PlyCount "43"]
[EventDate "2024.03.29"]
[EventType "swiss"]
[EventRounds "7"]
[EventCountry "WLS"]

{[%evp 0,43,29,29,23,-10,-10,-10,-4,-5,0,1,30,25,29,39,58,42,43,30,21,15,32,37,30,22,67,53,70,45,59,75,108,97,136,131,165,129,218,212,291,230,326,329,333,334]} 1. d4 d5 {[%emt 0:00:33]} 2. c4 {[%emt 0:00:07]} e6 {[%emt 0:00:24]} 3. Nc3 {[%emt 0:00:08]} Nf6 {[%emt 0:00:40]} 4. cxd5 {[%emt 0:01:58]} exd5 {[%emt 0:00:01]} 5. Bg5 {[%emt 0:00:11]} Be7 {[%emt 0:00:27]} 6. e3 {[%emt 0:00:23]} c6 {[%emt 0:03:24]} 7. Bd3 {[%emt 0:00:39]} Nbd7 {[%emt 0:01:37]} 8. Nge2 {[%emt 0:00:27]} O-O {[%emt 0:05:18]} 9. Qc2 {[%emt 0:00:45]} Re8 {[%emt 0:03:08]} 10. f3 {[%emt 0:01:31]} Nf8 {[%emt 0:03:49]} 11. O-O {[%emt 0:00:14]} h6 {[%emt 0:07:03]} 12. Bh4 {[%emt 0:00:27]} N6h7 {[%emt 0:02:14]} 13. Bf2 {[%emt 0:03:20]} Bd6 {[%emt 0:01:59]} 14. Rad1 {[%emt 0:01:49]} Qc7 {[%emt 0:01:29]} 15. h3 {[%emt 0:05:45]} Bd7 {[%emt 0:06:35]} 16. e4 {[%emt 0:00:55]} Be6 {[%emt 0:04:33]} 17. e5 {[%emt 0:02:20]} Be7 {[%emt 0:00:33]} 18. f4 {[%emt 0:01:37]} f5 {[%emt 0:01:49]} 19. Bxf5 {[%emt 0:04:02]} Qd7 {[%emt 0:04:01]} 20. Ng3 {[%emt 0:07:01]} Rac8 {[%emt 0:03:10]} 21. Bxh7+ {[%emt 0:04:59]} Nxh7 {[%emt 0:00:29]} 22. f5 {[%emt 0:00:10]} 1-0

[Event "Welsh Open Chess Championship"]
[Site "Mercure Cardiff North Hotel, Circle Way East, Llanedeyrn, Cardiff CF23 9XF"]
[Date "2024.03.29"]
[Round "2"]
[Board "15"]
[White "Enoch, Kristan"]
[Black "White, Sam"]
[Result "0-1"]
[WhiteElo "1554"]
[BlackElo "1684"]
[Annotator "Home"]
[PlyCount "88"]
[EventDate "2024.03.29"]
[EventType "swiss"]
[EventRounds "7"]
[EventCountry "WLS"]

{[%evp 0,88,23,25,25,21,25,20,48,53,47,-11,44,20,41,18,47,51,85,83,90,85,88,20,50,53,63,60,78,72,83,12,8,-9,13,8,8,8,3,-1,-1,1,8,-1,9,5,19,11,13,17,12,9,7,0,9,1,18,-5,-4,-4,-13,-8,-8,-18,-20,-32,-37,-73,-83,-99,-123,-153,-118,-188,-131,-362,-131,-206,-769,-568,-700,-854,-960,-1145,-1145,-1151,-1354,-2123,-2728,-29985,-29986]} 1. e4 e5 {[%emt 0:02:34]} 2. Nf3 {[%emt 0:00:04]} Nc6 {[%emt 0:01:02]} 3. Bc4 {[%emt 0:00:08]} Be7 {[%emt 0:00:12]} 4. Nc3 {[%emt 0:00:15]} Nf6 {[%emt 0:00:20]} 5. O-O {[%emt 0:00:32]} O-O {[%emt 0:00:03]} 6. d4 {[%emt 0:02:49]} exd4 {[%emt 0:02:05]} 7. Nxd4 {[%emt 0:00:10]} Nxd4 {[%emt 0:01:29]} 8. Qxd4 {[%emt 0:00:06]} c5 {[%emt 0:02:22]} 9. Qd3 {[%emt 0:01:19]} d6 {[%emt 0:00:35]} 10. Rd1 {[%emt 0:03:41]} Be6 {[%emt 0:00:46]} 11. Nd5 {[%emt 0:01:57]} Nxd5 {[%emt 0:00:20]} 12. Bxd5 {[%emt 0:00:07]} Bxd5 {[%emt 0:02:14]} 13. Qxd5 {[%emt 0:00:13]} Qc7 {[%emt 0:00:05]} 14. Bf4 {[%emt 0:01:02]} Rad8 {[%emt 0:01:07]} 15. e5 {[%emt 0:07:38]} dxe5 {[%emt 0:00:20]} 16. Qxe5 {[%emt 0:01:09]} Rxd1+ {[%emt 0:00:37]} 17. Rxd1 {[%emt 0:00:06]} Qxe5 {[%emt 0:00:07]} 18. Bxe5 {[%emt 0:00:04]} Rd8 {[%emt 0:00:32]} 19. Rxd8+ {[%emt 0:00:34]} Bxd8 {[%emt 0:00:02]} 20. Kf1 {[%emt 0:00:16]} f6 {[%emt 0:00:06]} 21. Bd6 {[%emt 0:02:04]} Bb6 {[%emt 0:00:51]} 22. Ke2 {[%emt 0:01:06]} Kf7 {[%emt 0:00:03]} 23. Kd3 {[%emt 0:00:18]} Ke6 {[%emt 0:00:03]} 24. Bg3 {[%emt 0:01:33]} Kd5 {[%emt 0:02:23]} 25. c4+ {[%emt 0:00:37]} Ke6 {[%emt 0:00:06]} 26. a3 {[%emt 0:00:39]} Ba5 {[%emt 0:05:06]} 27. Bf4 {[%emt 0:04:40]} f5 {[%emt 0:05:46]} 28. Bd2 {[%emt 0:04:30]} Bxd2 {[%emt 0:06:16]} 29. Kxd2 {[%emt 0:00:33]} Ke5 {[%emt 0:00:12]} 30. Kd3 {[%emt 0:00:21]} g5 {[%emt 0:01:47]} 31. h3 {[%emt 0:10:46]} h5 {[%emt 0:02:36]} 32. a4 {[%emt 0:05:24]} Kf4 {[%emt 0:04:45]} 33. a5 {[%emt 0:14:01]} a6 {[%emt 0:00:02]} 34. Ke2 {[%emt 0:00:29]} Ke4 {[%emt 0:00:04]} 35. Kd2 {[%emt 0:01:49]} h4 {[%emt 0:00:46]} 36. b3 {[%emt 0:11:56]} g4 {[%emt 0:00:18]} 37. Ke2 {[%emt 0:02:41]} Kd4 {[%emt 0:01:43]} 38. Kd2 {[%emt 0:03:31]} gxh3 {[%emt 0:00:33]} 39. gxh3 {[%emt 0:00:04]} Ke4 {[%emt 0:01:41]} 40. Ke2 {[%emt 0:00:05]} Kf4 {[%emt 0:00:07]} 41. Kf1 {[%emt 0:00:14]} Kf3 {[%emt 0:01:07]} 42. Kg1 {[%emt 0:02:06]} Ke2 {[%emt 0:00:13]} 43. Kg2 {[%emt 0:00:05]} f4 {[%emt 0:00:17]} 44. Kg1 {[%emt 0:00:57]} f3 {[%emt 0:00:07]} 0-1

[Event "Welsh Open Chess Championship"]
[Site "Mercure Cardiff North Hotel, Circle Way East, Llanedeyrn, Cardiff CF23 9XF"]
[Date "2024.03.29"]
[Round "2"]
[Board "16"]
[White "Woodcock, Louise"]
[Black "Murthy, Arush"]
[Result "0-1"]
[WhiteElo "1626"]
[BlackElo "1526"]
[PlyCount "58"]
[EventDate "2024.03.29"]
[EventType "swiss"]
[EventRounds "7"]
[EventCountry "WLS"]

1. f4 d5 2. d4 Nf6 3. Nf3 b6 4. e3 Bb7 5. Bd3 Nbd7 6. O-O e6 7. c4 Be7 8. Nc3 O-O 9. a3 a5 10. Bd2 c5 11. Ne5 Rc8 12. Ne2 Nxe5 13. fxe5 Nd7 14. Ng3 dxc4 15. Bxh7+ Kxh7 16. Qh5+ Kg8 17. Qg4 Bg5 18. Rf2 cxd4 19. exd4 Bxd2 20. Nh5 Bh6 21. Nf6+ Kh8 22. Raf1 gxf6 23. Qh3 Kh7 24. Rf4 Rg8 25. g3 f5 26. Kf2 Kg7 27. Rh4 Rh8 28. Ke2 Bg5 29. Rff4 Bxf4 0-1

[Event "Welsh Open Chess Championship"]
[Site "Mercure Cardiff North Hotel, Circle Way East, Llanedeyrn, Cardiff CF23 9XF"]
[Date "2024.03.29"]
[Round "2"]
[Board "17"]
[White "Funmilayo, Feyikemi Anthony"]
[Black "Heatman, Jordan"]
[Result "1-0"]
[WhiteElo "1950"]
[BlackElo "1328"]
[PlyCount "57"]
[EventDate "2024.03.29"]
[EventType "swiss"]
[EventRounds "7"]
[EventCountry "WLS"]

1. e4 c5 2. Nf3 Nc6 3. Bc4 Nf6 4. d3 g6 5. O-O Bg7 6. c3 O-O 7. a4 d5 8. exd5 Nxd5 9. h3 e5 10. Bg5 Qd6 11. Nbd2 Nf4 12. Ne4 Qc7 13. Nxc5 h6 14. Bxf4 exf4 15. d4 b6 16. Na6 Qd6 17. Re1 Bb7 18. Nd2 Na5 19. Bf1 Rfe8 20. Nb4 Bxd4 21. Rxe8+ Rxe8 22. Nf3 Bxf3 23. Qxf3 Nb3 24. Rd1 Bxf2+ 25. Kh1 Qxd1 26. Qxd1 Re1 27. Qd3 Nc1 28. Qc4 Ne2 29. Qxe2 1-0

[Event "Welsh Open Chess Championship"]
[Site "Mercure Cardiff North Hotel, Circle Way East, Llanedeyrn, Cardiff CF23 9XF"]
[Date "2024.03.29"]
[Round "2"]
[Board "18"]
[White "Hill, Glyn"]
[Black "Browse, Joseph"]
[Result "0-1"]
[WhiteElo "1057"]
[BlackElo "1726"]
[PlyCount "58"]
[EventDate "2024.03.29"]
[EventType "swiss"]
[EventRounds "7"]
[EventCountry "WLS"]

1. Nf3 b6 2. e4 Bb7 3. Nc3 e6 4. d4 d6 5. Bf4 Ne7 6. Ng5 h6 7. Nxf7 Kxf7 8. Qf3 Ke8 9. O-O-O g6 10. h4 Bg7 11. g4 Nd7 12. g5 h5 13. Bh3 Nf8 14. Rhe1 d5 15. exd5 Bxd5 16. Nxd5 Qxd5 17. Qxd5 Nxd5 18. Bxe6 Nxe6 19. Rxe6+ Kf7 20. Re4 Rhe8 21. c4 Rxe4 22. Bg3 Nf4 23. f3 Rxd4 24. Rxd4 Ne2+ 25. Kd2 Nxd4 26. Bxc7 Nxf3+ 27. Ke3 Nxh4 28. Kf4 Ke6 29. Ke3 Kf5 0-1

[Event "Welsh Open Chess Championship"]
[Site "Mercure Cardiff North Hotel, Circle Way East, Llanedeyrn, Cardiff CF23 9XF"]
[Date "2024.03.29"]
[Round "2"]
[Board "19"]
[White "Archibald, Mckenzie"]
[Black "White, Mike"]
[Result "0-1"]
[WhiteElo "1683"]
[BlackElo "985"]
[Annotator "Home"]
[PlyCount "54"]
[EventDate "2024.03.29"]
[EventType "swiss"]
[EventRounds "7"]
[EventCountry "WLS"]

{[%evp 0,54,19,31,25,-21,23,23,37,50,73,29,57,57,74,82,67,30,30,32,59,40,59,43,53,-47,94,79,87,87,76,85,94,87,107,74,75,64,117,111,103,44,40,12,58,-100,-68,-86,-3,-139,-134,-271,-271,-438,-438,-29987,-29988]} 1. d4 Nf6 2. c4 d6 3. Nc3 g6 4. e4 Nc6 5. f3 e5 6. d5 Ne7 7. Be3 Bg7 8. Nge2 O-O 9. Qd2 Kh8 10. g4 Nfg8 11. h4 f5 12. h5 f4 13. hxg6 Nxg6 14. Bf2 Bf6 15. Nc1 Kg7 16. Nd3 Nh4 17. Be2 Ng2+ 18. Kf1 Nh4 19. c5 Bd7 20. Bxh4 Bxh4 21. Kg2 h5 22. Nf2 Nh6 23. Rag1 Kh7 24. gxh5 Rg8+ 25. Kf1 Rxg1+ 26. Rxg1 Bxf2 27. Kxf2 Qh4+ 0-1

[Event "Welsh Open Chess Championship"]
[Site "Mercure Cardiff North Hotel, Circle Way East, Llanedeyrn, Cardiff CF23 9XF"]
[Date "2024.03.30"]
[Round "3"]
[Board "1"]
[White "Roberts, David L"]
[Black "Mba, Reginald"]
[Result "1/2-1/2"]
[WhiteElo "1972"]
[BlackElo "1855"]
[Annotator "Home"]
[PlyCount "95"]
[EventDate "2024.03.29"]
[EventType "swiss"]
[EventRounds "7"]
[EventCountry "WLS"]

{[%evp 0,95,25,19,56,68,58,28,27,40,42,41,41,-29,0,-41,-6,2,4,5,15,-34,-10,-23,-11,-13,2,-4,15,11,22,6,30,38,24,31,45,29,49,55,55,10,27,29,25,10,23,22,25,17,42,38,37,28,39,30,50,59,53,56,56,49,56,52,58,51,58,45,38,45,19,29,46,18,59,20,54,58,47,53,51,52,50,55,50,44,54,38,47,24,17,17,17,17,17,38,33,34]} 1. e4 c6 {[%emt 0:00:08]} 2. Nc3 {[%emt 0:00:47]} d5 {[%emt 0:00:11]} 3. Nf3 {[%emt 0:00:06]} dxe4 {[%emt 0:00:10]} 4. Nxe4 {[%emt 0:00:07]} Nf6 {[%emt 0:00:06]} 5. Nxf6+ {[%emt 0:01:30]} exf6 {[%emt 0:00:09]} 6. g3 {[%emt 0:04:42]} Bd6 {[%emt 0:00:15]} 7. Bg2 {[%emt 0:01:03]} O-O {[%emt 0:00:07]} 8. O-O {[%emt 0:00:17]} Bg4 {[%emt 0:00:15]} 9. d4 {[%emt 0:03:59]} Re8 {[%emt 0:00:16]} 10. c3 {[%emt 0:04:09]} Nd7 {[%emt 0:00:17]} 11. Qb3 {[%emt 0:02:53]} Qc7 {[%emt 0:01:29]} 12. c4 {[%emt 0:12:20]} c5 {[%emt 0:02:54]} 13. Be3 {[%emt 0:05:39]} Rac8 {[%emt 0:00:55]} 14. Rac1 {[%emt 0:01:23]} b6 {[%emt 0:00:15]} 15. d5 {[%emt 0:14:11]} Nf8 {[%emt 0:00:20]} 16. Nd2 {[%emt 0:02:23]} Bf5 {[%emt 0:02:48]} 17. f4 {[%emt 0:03:34]} Re7 {[%emt 0:01:18]} 18. Rce1 {[%emt 0:03:56]} Rce8 {[%emt 0:00:33]} 19. Bf2 {[%emt 0:03:29]} h5 {[%emt 0:05:34]} 20. Nf3 {[%emt 0:05:23]} Ng6 {[%emt 0:01:11]} 21. Rxe7 {[%emt 0:05:18]} Rxe7 {[%emt 0:00:22]} 22. Re1 {[%emt 0:02:16]} h4 {[%emt 0:00:32]} 23. Rxe7 {[%emt 0:00:42]} Qxe7 {[%emt 0:00:07]} 24. Qe3 {[%emt 0:00:35]} hxg3 {[%emt 0:00:58]} 25. hxg3 {[%emt 0:00:10]} Qxe3 {[%emt 0:02:06]} 26. Bxe3 {[%emt 0:00:05]} Bd3 {[%emt 0:00:22]} 27. Nd2 {[%emt 0:01:03]} Kf8 {[%emt 0:01:32]} 28. Be4 {[%emt 0:01:14]} Bxe4 {[%emt 0:00:15]} 29. Nxe4 {[%emt 0:00:05]} Ke7 {[%emt 0:00:10]} 30. Kf2 {[%emt 0:01:37]} Kd7 {[%emt 0:01:24]} 31. a3 {[%emt 0:01:53]} Ne7 {[%emt 0:02:07]} 32. Bd2 {[%emt 0:01:39]} Nc8 {[%emt 0:04:03]} 33. b4 {[%emt 0:02:27]} f5 {[%emt 0:00:58]} 34. Ng5 {[%emt 0:00:33]} Ke8 {[%emt 0:01:18]} 35. Bc3 {[%emt 0:00:41]} Kf8 {[%emt 0:01:46]} 36. Ke3 {[%emt 0:02:00]} Be7 {[%emt 0:00:18]} 37. Nf3 {[%emt 0:00:39]} f6 {[%emt 0:02:04]} 38. Kd3 {[%emt 0:01:49]} Kf7 {[%emt 0:00:40]} 39. Nd2 {[%emt 0:07:07]} Nd6 {[%emt 0:01:17]} 40. bxc5 {[%emt 0:01:46]} bxc5 {[%emt 0:00:13]} 41. Ba5 {[%emt 0:00:58]} Nb7 {[%emt 0:02:19]} 42. Bc3 {[%emt 0:03:12]} Nd6 {[%emt 0:00:19]} 43. a4 {[%emt 0:01:14]} Bd8 {[%emt 0:01:01]} 44. Ke3 {[%emt 0:02:41]} Bc7 {[%emt 0:01:00]} 45. Kf3 {[%emt 0:00:40]} Bd8 {[%emt 0:02:05]} 46. Ke3 {[%emt 0:01:03]} Bc7 {[%emt 0:00:26]} 47. Kd3 {[%emt 0:00:28]} Bd8 {[%emt 0:00:18]} 48. Ke3 {[%emt 0:02:24]} 1/2-1/2

[Event "Welsh Open Chess Championship"]
[Site "Mercure Cardiff North Hotel, Circle Way East, Llanedeyrn, Cardiff CF23 9XF"]
[Date "2024.03.30"]
[Round "3"]
[Board "2"]
[White "Honey, Luke"]
[Black "Jones, Steve"]
[Result "1-0"]
[WhiteElo "1939"]
[BlackElo "1791"]
[Annotator "Home"]
[PlyCount "75"]
[EventDate "2024.03.29"]
[EventType "swiss"]
[EventRounds "7"]
[EventCountry "WLS"]

{[%evp 0,75,19,11,58,60,53,41,41,41,40,26,3,33,27,25,41,48,66,47,58,45,46,47,60,71,84,60,57,54,85,83,110,72,83,82,80,84,80,80,118,110,148,121,130,100,117,93,117,125,128,128,132,126,162,168,179,173,204,203,217,207,352,346,349,349,356,289,356,288,371,312,344,299,381,310,378,338]} 1. e4 {[%emt 0:00:06]} c6 {[%emt 0:00:29]} 2. Nf3 {[%emt 0:01:32]} d5 {[%emt 0:01:23]} 3. Nc3 {[%emt 0:00:07]} dxe4 {[%emt 0:04:16]} 4. Nxe4 {[%emt 0:00:08]} Nf6 {[%emt 0:01:04]} 5. Qe2 {[%emt 0:00:41]} Nxe4 {[%emt 0:01:09]} 6. Qxe4 {[%emt 0:00:06]} Nd7 {[%emt 0:01:43]} 7. Bc4 {[%emt 0:00:19]} e6 {[%emt 0:04:04]} 8. d4 {[%emt 0:01:55]} Nf6 {[%emt 0:03:52]} 9. Qe2 {[%emt 0:00:54]} Be7 {[%emt 0:00:33]} 10. c3 {[%emt 0:01:35]} O-O {[%emt 0:01:26]} 11. O-O {[%emt 0:03:14]} Qc7 {[%emt 0:01:41]} 12. Ne5 {[%emt 0:07:52]} Bd6 {[%emt 0:04:55]} 13. Bf4 {[%emt 0:06:55]} Nd5 {[%emt 0:09:14]} 14. Bg3 {[%emt 0:01:32]} Bd7 {[%emt 0:00:34]} 15. Bd3 {[%emt 0:02:35]} f5 {[%emt 0:01:44]} 16. f4 {[%emt 0:03:00]} Rae8 {[%emt 0:07:57]} 17. Rae1 {[%emt 0:01:22]} Bxe5 {[%emt 0:06:49]} 18. Qxe5 {[%emt 0:00:39]} Qxe5 {[%emt 0:00:10]} 19. Rxe5 {[%emt 0:00:09]} h6 {[%emt 0:06:53]} 20. Be1 {[%emt 0:04:20]} Rf6 {[%emt 0:03:07]} 21. Bd2 {[%emt 0:01:41]} Rg6 {[%emt 0:00:45]} 22. Kh1 {[%emt 0:01:17]} Nf6 {[%emt 0:04:56]} 23. Rfe1 {[%emt 0:06:45]} Kf7 {[%emt 0:02:09]} 24. Bc4 {[%emt 0:05:14]} Nd5 {[%emt 0:02:54]} 25. Bb3 {[%emt 0:01:04]} Kf8 {[%emt 0:03:08]} 26. Bd1 {[%emt 0:02:19]} Rf6 {[%emt 0:00:32]} 27. c4 {[%emt 0:00:54]} Nc7 {[%emt 0:00:49]} 28. Bb4+ {[%emt 0:01:38]} Kf7 {[%emt 0:00:55]} 29. Bd6 {[%emt 0:01:02]} Rc8 {[%emt 0:00:58]} 30. Ra5 {[%emt 0:04:06]} Kg8 {[%emt 0:03:21]} 31. Rxa7 {[%emt 0:02:49]} Ne8 {[%emt 0:01:04]} 32. Be5 {[%emt 0:00:19]} Rf7 {[%emt 0:00:07]} 33. Rxb7 {[%emt 0:00:24]} Ra8 {[%emt 0:01:38]} 34. Bb3 {[%emt 0:02:52]} Ra5 {[%emt 0:02:58]} 35. Rb8 {[%emt 0:01:44]} Kh7 {[%emt 0:00:27]} 36. c5 {[%emt 0:01:22]} Re7 {[%emt 0:01:31]} 37. a4 {[%emt 0:01:19]} Ra7 {[%emt 0:00:46]} 38. Bc2 {[%emt 0:00:38]} 1-0